Riemannian geometry and geometric analysis /
Guardado en:
| Autor Principal: | |
|---|---|
| Formato: | Libro |
| Idioma: | English |
| Publicado: |
Berlin ; New York :
Springer,
c1998.
|
| Edición: | 2nd ed. |
| Series: | Universitext
|
| Materias: | |
| Acceso en línea: | Tabla de contenidos |
| Etiquetas: |
Agregar Etiqueta
Sin Etiquetas, Sea el primero en etiquetar este registro!
|
| LEADER | 00823pam a2200241 a 4500 | ||
|---|---|---|---|
| 001 | MAT.inmabb003240 | ||
| 008 | 971029s1998####gw#a#####b####001#0#eng## | ||
| 005 | 20130410122229.0 | ||
| 245 | 1 | 0 | |a Riemannian geometry and geometric analysis / |c Jürgen Jost. |
| 250 | |a 2nd ed. | ||
| 260 | |a Berlin ; |a New York : |b Springer, |c c1998. | ||
| 300 | |a xiii, 455 p. : |b il. ; |c 24 cm. | ||
| 490 | 0 | |a Universitext | |
| 504 | |a Incluye referencias bibliográficas e índice. | ||
| 510 | 4 | |a MR, |c 99g:53025 | |
| 020 | |a 3540636544 (pbk.) | ||
| 100 | 1 | |a Jost, Jürgen, |d 1956- | |
| 650 | 0 | |a Geometry, Riemannian. | |
| 084 | |a 53Cxx (53-02 58E05 58E10 58G05) |2 MR | ||
| 010 | |a 97045047 | ||
| 040 | |a DLC |c DLC |d DLC | ||
| 856 | 4 | 1 | |u http://www.mis.mpg.de/jjost/publications/riemann.html |y Tabla de contenidos |
| 859 | |h 53 |i J84 |p A-7485 |b BIB. MATEMATICA | ||
